Maktoob-e-Imam Rabbani (Vol I) (Record no. 7293)

000 -LEADER
fixed length control field 00387 a2200133 4500
082 ## - DEWEY DECIMAL CLASSIFICATION NUMBER
Classification number 297.1227
090 ## - LOCALLY ASSIGNED LC-TYPE CALL NUMBER (OCLC); LOCAL CALL NUMBER (RLIN)
-- 3382
-- 3382
100 ## - MAIN ENTRY--PERSONAL NAME
Personal name Sehikh Ahmed Sirhindi
245 ## - TITLE STATEMENT
Title Maktoob-e-Imam Rabbani (Vol I)
Statement of responsibility, etc. Sehikh Ahmed Sirhindi
Medium [Urdu]
260 ## - PUBLICATION, DISTRIBUTION, ETC.
Place of publication, distribution, etc. Lahore:
Name of publisher, distributor, etc. Idara Islamiyaat,
Date of publication, distribution, etc. 1988.
300 ## - PHYSICAL DESCRIPTION
Extent 734 p. ;
Dimensions 24 cm.
650 ## - SUBJECT ADDED ENTRY--TOPICAL TERM
Topical term or geographic name entry element Sehikh Ahmed Sirhindi--Biography
942 ## - ADDED ENTRY ELEMENTS (KOHA)
Koha item type Book
Call number prefix 297.1227 RAB
Holdings
Withdrawn status Lost status Damaged status Not for loan Permanent Location Current Location Date acquired Full call number Barcode Date last seen Price effective from Koha item type
        Central Library (CL) Central Library (CL) 08/25/2021 297.1227 RAB SEECS000350 11/14/2012 11/14/2012 Reference
© 2023 Central Library, National University of Sciences and Technology. All Rights Reserved.